000 00806cam a22002894a 4500
001 2504
005 20231213120346.0
020 _a9780736887847
040 _aDLC
_cDLC
_dDLC
_beng
050 0 0 _aSF426.5
082 0 0 _a636.7
100 1 _aFrost, Helen
_d1949-
245 1 0 _aDogs
_cby Helen Frost
250 _aPrinted in the United States of America
260 _bPebble Books
_c2001
300 _a24 pages :
_bcolor illustrations ;
_c19 cm
490 1 _aAll about pets
505 _aF
520 _aSimple text and photographs present the features and care of dogs.
521 _a300
_bLexile
521 _aF
_bRaz-Plus
650 0 _aDogs
_vJuvenile literature.
650 1 _aDogs.
650 1 _aPets.
906 _a7
_bcbc
_corignew
_d1
_eocip
_f20
_gy-gencatlg
942 _2ddc
_cBK
_n0
999 _c2504
_d2504